000 00793nam a2200229 a 4500
001 BRL_1496
005 20190320211232.0
008 280114s1985----u--ao#####---#000-0#eng-#
041 _aeng
044 _au
050 4 _aF1219.3.M4
_b.J33 1985
100 1 _aJacobson, Lori
_927100
245 1 0 _aChanging faces
_bmexican masks in transition, McAllen International Museum, McAllen, Texas, april 3 - may 26, 1985
_cLori Jacobson and Donald E. Fritz.
260 _aMcAllen, Texas
_bMcAllen International Museum
_c1985
300 _a96 p.
_bil., fotografías (a color)
_c28 cm.
_e+ 1 poster (45 x 28 cm.)
500 _aAu1773
504 _aBibliografía: p. 93-96.
650 1 4 _aMáscaras
_vExposiciones
_zMéxico
_923518
700 1 _aFritz, Donald E.
_927101
902 _aGRL
942 _2lcc
_cB
999 _c10306
_d10306